| 000 | 00356nam a22001457a 4500 | ||
|---|---|---|---|
| 003 | SGT | ||
| 082 |
_a617.6342 _bP21G |
||
| 100 | _aGoel, Aditi | ||
| 245 | _aPain after Endodontics treatment | ||
| 260 |
_aGurugram, Haryana _bSGT University _c2021 |
||
| 300 | _a91 | ||
| 650 | _aConservative Dentistry | ||
| 653 | _aConservative Dentistry | ||
| 942 |
_2ddc _cTH |
||
| 999 |
_c23630 _d23630 |
||